Biología y ciencias de la tierra : estructura y dinámica de la tierra... /

Guardado en:
Autor Principal: Cuniglio, Francisco
Formato: Libro
Publicado: Buenos Aires : Santillana, 1998
Materias:
Dbo
Etiquetas: Agregar Etiqueta
Sin Etiquetas, Sea el primero en etiquetar este registro!
LEADER 02804nam a22004335a 4500
001 CEM.cems016407
008 130507s1998##################000#0#####d
005 20211012163027.0
003 CEMS
245 1 0 |a Biología y ciencias de la tierra :  |b estructura y dinámica de la tierra... /  |c Francisco Cuniglio, Maria Gabriela Barderi y David N. Bilenca. 
260 |a Buenos Aires :  |b Santillana,  |c 1998 
300 |a 463 p. 
500 |a Para nivel polimodal 
505 0 |a El lenguaje de la ciencia -- Estructura de la tierra -- Estructura y composición de la tierra -- Materiales de la litosfera: minerales y rocas -- Atmósfera e hidrosfera -- Procesos de los sistemas terrestres -- El clima y la dinámica de las cubiertas fluidas -- Procesos exógenos y modelado del relieve -- El suelo -- Procesos endógenos: terremotos y vulcanismo -- Introducción a la ecología -- Estructura de los ecosistemas -- Dinámica de los ecosistemas -- Estructura y dinámica de las poblaciones -- Recursos naturales y ambiente humano -- Los recursos naturales -- Ecosistemas agrícolas -- Ecosistemas urbanos -- Genética de poblaciones. Evolución e historia de la tierra -- La evolución de la vida -- Tiempo geológico. Historia de la vida -- Evolución humana, biotecnología e ingeniería genética -- Evolución biológica humana -- Evolución cultural -- Evolución del ambiente humano e impacto ambiental -- Biotecnología e ingeniería genética 
020 |a 9504605621 
100 1 |a Cuniglio, Francisco 
082 0 4 |a 574.5 
653 |a Biotecnología 
653 |a Ecología 
653 |a Geología 
653 |a Evolución 
653 |a Biología-polimodal 
653 |a Dbo 
653 |a Demanda biológica de oxígeno 
653 |a Demanda bioquímica de oxígeno 
859 |a CEMS  |b BIB. CEMS - Agricultura  |h 574.5  |i C914  |p A20394.99  |t Ej.1 
859 |a CEMS  |b BIB. CEMS - 11 de abril  |h 574.5  |i C764  |p 20239.99  |t Ej.1 
859 |a CEMS  |b BIB. CEMS - Agricultura  |h 574.5  |i C914  |p A0338.01  |t Ej.2 
859 |a CEMS  |b BIB. CEMS - 11 de abril  |h 574.5  |i C764  |p 20255.99  |t Ej.2 
859 |a CEMS  |b BIB. CEMS - Agricultura  |h 574.5  |i C914  |p A2210.15  |t Ej.3 
859 |a CEMS  |b BIB. CEMS - 11 de abril  |h 574.5  |i C764  |p 20725.00  |t Ej.3 
859 |a CEMS  |b BIB. CEMS - Agricultura  |h 574.5  |i C914  |p A3036.18  |t Ej.4 
859 |a CEMS  |b BIB. CEMS - 11 de abril  |h 574.5  |i C764  |p 20726.00  |t Ej.4 
859 |a CEMS  |b BIB. CEMS - 11 de abril  |h 574.5  |i C764  |p 20727.00  |t Ej.5 
859 |a CEMS  |b BIB. CEMS - 11 de abril  |h 574.5  |i C764  |p 22770.05  |t Ej.6 
859 |a CEMS  |b BIB. CEMS - 11 de abril  |h 574.5  |i C764  |p 22771.05  |t Ej.7 
859 |a CEMS  |b BIB. CEMS - 11 de abril  |h 574.5  |i C764  |p 22772.05  |t Ej.8 
859 |a CEMS  |b BIB. CEMS - 11 de abril  |h 574.5  |i C764  |p 22773.05  |t Ej.9 
859 |a CEMS  |b BIB. CEMS - 11 de abril  |h 574.5  |i C764  |p 22774.05  |t Ej.10